Statistics for COVID-19 Cases to Country

Click here to take the quiz!

General Stats

  • This quiz has been taken 8 times
  • The average score is 14 of 15

Answer Stats

# of CasesCountry% Correct
48,229Canada
100%
82,830China
100%
165,842France
100%
158,213Germany
100%
91,472Iran
100%
199,414Italy
100%
87,147Russia
100%
229,422Spain
100%
112,261Turkey
100%
1,002,968United States
100%
46,687Belgium
83%
63,328Brazil
83%
38,245Netherlands
83%
157,149United Kingdom
83%
29,164Switzerland
50%

Score Distribution

Percentile by Number Answered

Percent of People with Each Score

Your Score History

You have not taken this quiz